Central Library OPAC University of Rajshahi

Ethan Frome / (Record no. 17454)

MARC details
000 -LEADER
fixed length control field 01002nam a22002652 4500
001 - CONTROL NUMBER
control field 17454
003 - CONTROL NUMBER IDENTIFIER
rucl marc code BD-RjUL
005 - DATE AND TIME OF LATEST TRANSACTION
control field 20211209000137.0
008 - FIXED-LENGTH DATA ELEMENTS--GENERAL INFORMATION
fixed length control field 751031s1939 nyua 000 0 eng
035 ## - SYSTEM CONTROL NUMBER
System control number (BD-RjUL)17512
040 ## - CATALOGING SOURCE
Original cataloging agency DLC
Transcribing agency JHE
Modifying agency DAY
-- BD-RjUL
Language of cataloging eng
041 ## - LANGUAGE CODE
Language code of text/sound track or separate title eng
082 ## - DEWEY DECIMAL CLASSIFICATION NUMBER
Classification number 813
Author mark and year WHE 1938
100 1# - MAIN ENTRY--PERSONAL NAME
Personal name Wharton, Edith,
Dates associated with a name 1862-1937.
9 (RLIN) 53782
245 10 - TITLE STATEMENT
Title Ethan Frome /
Statement of responsibility, etc. by Edith Wharton; with water-colour drawings by Henry Varnum Poor and an introduction by Clifton Fadiman.
260 ## - PUBLICATION, DISTRIBUTION, ETC. (IMPRINT)
Place of publication, distribution, etc. New York :
Name of publisher, distributor, etc. Printed for the members of the Limited Editions Club ,
Date of publication, distribution, etc. 1938.
300 ## - PHYSICAL DESCRIPTION
Pagination xviii, 180 p. :
Illustrations illus. (some col.) ;
Size 19 cm.
500 ## - GENERAL NOTE
General note "An edition of fifteen hundred copies ... signed by the illustrator. This copy is number Copyright copy."
700 1# - ADDED ENTRY--PERSONAL NAME
Personal name Poor, Henry Varnum,
Dates associated with a name 1887-1970.
Personal name Fadiman, Clifton,
Dates associated with a name 1904-1999
710 2# - ADDED ENTRY--CORPORATE NAME
Corporate name or jurisdiction name as entry element Limited Editions Club.
9 (RLIN) 53785
942 ## - ADDED ENTRY ELEMENTS (KOHA)
Source of classification or shelving scheme Dewey Decimal Classification
Koha item type Books
Holdings
Lost status Source of classification or shelving scheme Damaged status Not for loan Collection code Permanent Location Current Location Shelving location Date acquired Source of acquisition Total Checkouts Full call number Date last seen Copy number Koha item type
  Dewey Decimal Classification   Not For Loan Non-fiction Central Library, University of Rajshahi Central Library, University of Rajshahi Reading Room 28/09/1956 U.S..I.S.Dacca Grats   813 WHE 1938 17/02/2014 C-1 Books